Iron-free electron synchrotron with weak focusing; Bulletin of the Tomsk Polytechnic University; Vol. 310, № 1

Bibliografiske detaljer
Parent link:Bulletin of the Tomsk Polytechnic University/ Tomsk Polytechnic University (TPU).— , 2006-2007
Vol. 310, № 1.— 2007.— [P. 64-66]
Hovedforfatter: Moskalev V. A. Vladilen Aleksandrovich
Summary:Заглавие с титульного листа
Электронная версия печатной публикации
A synchrotron construction the magnetic field of which is without steel core is suggested. Acceleration chamber is combined with magnetizing winding. The described version of accelerator is favorably different in small weight, simplified production and assembling technique.
Sprog:engelsk
Udgivet: 2007
Serier:Mathematics and mechanics. Physics
Fag:
Online adgang:http://www.lib.tpu.ru/fulltext/v/Bulletin_TPU/2007/v310eng/i1/15.pdf
Format: MixedMaterials Electronisk Book Chapter
KOHA link:https://koha.lib.tpu.ru/cgi-bin/koha/opac-detail.pl?biblionumber=180641

MARC

LEADER 00000naa2a2200000 4500
001 180641
005 20231031170834.0
035 |a (RuTPU)RU\TPU\book\195818 
035 |a RU\TPU\book\195817 
090 |a 180641 
100 |a 20100522d2007 k y0rusy50 ca 
101 1 |a eng  |c rus 
102 |a RU 
135 |a drnn ---uucaa 
200 1 |a Iron-free electron synchrotron with weak focusing  |b Electronic resource  |f V. A. Moskalev 
203 |a Text  |c electronic 
215 |a 1 файл (188 Кб) 
225 1 |a Mathematics and mechanics. Physics 
230 |a Электронные текстовые данные (1 файл : 188 Кб) 
300 |a Заглавие с титульного листа 
300 |a Электронная версия печатной публикации 
320 |a [Bibliography: p. 66 (4 titles)] 
330 |a A synchrotron construction the magnetic field of which is without steel core is suggested. Acceleration chamber is combined with magnetizing winding. The described version of accelerator is favorably different in small weight, simplified production and assembling technique. 
337 |a Adobe Reader 
461 1 |0 (RuTPU)RU\TPU\book\169973  |t Bulletin of the Tomsk Polytechnic University  |f Tomsk Polytechnic University (TPU)  |d 2006-2007 
463 1 |0 (RuTPU)RU\TPU\book\195457  |t Vol. 310, № 1  |v [P. 64-66]  |d 2007  |p 201 p. 
610 1 |a iron-free electron synchrotrons 
610 1 |a focusing 
610 1 |a constructions 
610 1 |a magnetic fields 
610 1 |a steel core 
610 1 |a acceleration chambers 
610 1 |a magnetizing winding 
610 1 |a accelerators 
610 1 |a weight 
610 1 |a production 
610 1 |a techniques 
610 1 |a труды учёных ТПУ 
610 1 |a электронный ресурс 
675 |a 621.364.634.3  |v 3 
700 1 |a Moskalev  |b V. A.  |c Specialist in the field of electrical engineering  |c Professor-consultant of Tomsk Polytechnic University, Doctor of technical sciences  |f 1927-  |g Vladilen Aleksandrovich  |2 stltpush  |3 (RuTPU)RU\TPU\pers\32249 
801 1 |a RU  |b 63413507  |c 20090623  |g PSBO 
801 2 |a RU  |b 63413507  |c 20150219  |g PSBO 
856 4 |u http://www.lib.tpu.ru/fulltext/v/Bulletin_TPU/2007/v310eng/i1/15.pdf 
942 |c BK